| 000 | 00383nam a2200145Ia 4500 | ||
|---|---|---|---|
| 008 | 210210b1997 xxu||||| |||| 00| 0 eng d | ||
| 082 | _aT894.301 JAYM | ||
| 100 | _aJAYANTI (Es Bangera). | ||
| 245 | _aManass badalanaga: kinya kateklu. | ||
| 260 |
_aMangaluru _bDurga Prakashana _c1997 |
||
| 300 | _a47 | ||
| 650 | _aTulu Short Stories | ||
| 690 | _aTulu Fiction | ||
| 906 | _a061646 | ||
| 999 |
_c108218 _d108218 |
||